000 00659nam a2200193Ia 4500
008 151121s9999||||xx |||||||||||||| ||und||
082 _a081/नेहरु
082 _bHNW-36776
100 _aनेहरु जवाहरलाल
245 _aराष्ट्रपिता
260 _b"सत्साहित्य प्रकाशन मंडल, दिल्ली"
260 _c--
300 _a152
600 _aनेहरु जवाहरलाल
630 _aराष्ट्रपिता
700 _aनेहरु जवाहरलाल
730 _aराष्ट्रपिता
942 _cBOOK
999 _c1228497
_d1228494